[Event "10th OIBM"]
[Site "Bad Wiessee GER"]
[Date "2006.11.09"]
[Round "6"]
[White "Shabalov,A"]
[Black "Buchal,S"]
[Result "1-0"]
[WhiteElo "2575"]
[BlackElo "2397"]

1.d4 g6 2.Nf3 Bg7 3.g3 f5 4.Bg2 Nf6 5.c4 O-O 6.b4 Nc6 7.b5 Na5 8.Nbd2 a6
9.a4 b6 10.Bb2 d5 11.Qc2 e6 12.O-O Bd7 13.Rfc1 axb5 14.cxb5 Rc8 15.Ba3 Re8
16.Bb4 c6 17.Bxa5 cxb5 18.Bc3 b4 19.Qb3 bxc3 20.Rxc3 Rxc3 21.Qxc3 Qb8 22.e3 Qd6
23.Bf1 Ra8 24.Bb5 Ne4 25.Nxe4 fxe4 26.Ne5 Bxb5 27.axb5 Rxa1+ 28.Qxa1 Bxe5
29.dxe5 Qb4 30.Qa8+ Kg7 31.Qe8 Qe1+ 32.Kg2 Qe2 33.Qe7+ Kh6 34.Qf8+ Kh5 35.h3 Qf3+
36.Qxf3+ exf3+ 37.Kxf3 Kg5 38.e4 dxe4+ 39.Kxe4 h5 40.f4+ Kh6 41.g4  1-0

[Event "10th OIBM"]
[Site "Bad Wiessee GER"]
[Date "2006.11.10"]
[Round "7"]
[White "Hoffmann,Mi1"]
[Black "Shabalov,A"]
[Result "0-1"]
[WhiteElo "2477"]
[BlackElo "2575"]

1.e4 c5 2.Nf3 Nc6 3.d4 cxd4 4.Nxd4 Nf6 5.Nc3 e5 6.Ndb5 d6 7.Bg5 a6 8.Na3 b5
9.Bxf6 gxf6 10.Nd5 f5 11.c3 Bg7 12.exf5 Bxf5 13.Nc2 Be6 14.g3 O-O 15.Bg2 Rb8
16.O-O a5 17.Qh5 Qd7 18.Nce3 f5 19.f4 b4 20.Rad1 bxc3 21.bxc3 Rb2 22.fxe5 Nxe5
23.Nxf5 Kh8 24.Be4 Bf7 25.Qg5 Bg6 26.Nde7 Rb5 27.Nxg6+ Nxg6 28.Rd5 Rxd5 29.Bxd5 Bxc3
30.Qe3 Be5 31.Nh6 Rxf1+ 32.Kxf1 Qb5+  0-1

[Event "10th OIBM"]
[Site "Bad Wiessee GER"]
[Date "2006.11.12"]
[Round "9"]
[White "Khenkin,I"]
[Black "Shabalov,A"]
[Result "1/2-1/2"]
[WhiteElo "2620"]
[BlackElo "2575"]

1.d4 d5 2.c4 c6 3.Nf3 Nf6 4.e3 e6 5.Bd3 Nbd7 6.Nbd2 c5 7.O-O Be7 8.b3 b6
9.Bb2 O-O 10.Qe2 Bb7 11.Rad1 Qc7 12.Ne5 dxc4 13.Ndxc4 cxd4 14.Nxd7 Nxd7 15.Bxd4 Rfd8
16.Rc1 Qb8 17.f4 Bf6 18.Be5 Bxe5 19.fxe5 g6 20.Qf2 Rf8 21.Qf4 Ba6 22.Be4 Nc5
23.Bxa8 Nd3 24.Qf6 Nxc1 25.Rxc1 Bxc4 26.Be4 Bb5 27.a4 Be2 28.Kf2 Bg4 29.h3 Bf5
30.Bf3 Bd3 31.h4 h5 32.g4 hxg4 33.Bxg4 Be4 34.h5 Qd8 35.Rd1 Qxf6+ 36.exf6  1/2-1/2

[Event "37th National Chess Congress"]
[Site "Philadelphia USA"]
[Date "2006.11.24"]
[Round "1"]
[White "Shabalov,A"]
[Black "Zhao,P"]
[Result "1-0"]
[WhiteElo "2575"]
[BlackElo "2187"]

1.e4 c5 2.Na3 Nc6 3.Bb5 Nd4 4.Nf3 Nxb5 5.Nxb5 a6 6.Nc3 e6 7.d4 cxd4 8.Qxd4 b5
9.O-O Bb7 10.Bg5 f6 11.Bh4 Ne7 12.Rad1 Nc6 13.Qd3 Be7 14.Rfe1 d6 15.a4 b4
16.Ne2 Ne5 17.Qe3 Nxf3+ 18.Qxf3 f5 19.Bxe7 Qxe7 20.Ng3 O-O 21.Qb3 f4 22.Nf5 Qf6
23.Nxd6 Rab8 24.Nxb7 Rxb7 25.Rd6 Re7 26.e5 Qg6 27.f3 a5 28.Re4 h5 29.Qc4 Qf5
30.Qc5 g5 31.Rdd4 Rg7 32.Qc4 Kh8 33.Kf1 Rfg8 34.Qd3 Rc7 35.Rd8 Rc5 36.Rxg8+ Kxg8
37.Qd8+ Kf7 38.Rd4 Rd5 39.Rxd5 exd5 40.Qxd5+ Ke8 41.Qc6+ Kf7 42.Qc7+ Ke8
43.h3 g4 44.hxg4 hxg4 45.Qc6+ Ke7 46.Qf6+ Qxf6 47.exf6+ Kxf6 48.Ke2 gxf3+
49.gxf3 Ke5 50.Kd3 Kd6 51.b3 Ke5 52.Kc4 Kf5 53.Kd4  1-0

[Event "37th National Chess Congress"]
[Site "Philadelphia USA"]
[Date "2006.11.25"]
[Round "3"]
[White "Shabalov,A"]
[Black "Heimann,M"]
[Result "1-0"]
[WhiteElo "2575"]
[BlackElo "2265"]

1.e4 e6 2.d4 d5 3.Nc3 Nf6 4.Bg5 dxe4 5.Nxe4 Be7 6.Bxf6 Bxf6 7.Nf3 Nd7 8.Qd2 O-O
9.O-O-O Be7 10.h4 c5 11.dxc5 Qc7 12.Bd3 Nxc5 13.Nxc5 Qxc5 14.Qf4 Qb4 15.Qe3 Qc5
16.Qe4 f5 17.Qe2 Bf6 18.Bc4 b5 19.Bxe6+ Bxe6 20.Qxe6+ Kh8 21.Ng5 Rac8 22.Rd2 h6
23.Qb3 Qc6 24.f4 a5 25.Kb1 a4 26.Qd5 Qc4 27.Qxc4 bxc4 28.c3 a3 29.Nf3 Rb8
30.Ne5 Bxe5 31.fxe5 axb2 32.Re1 Rfe8 33.Rd5 Rb6 34.Re2 Rg6 35.a4 Rg3 36.Kxb2 Rb8+
37.Rb5  1-0

[Event "37th National Chess Congress"]
[Site "Philadelphia USA"]
[Date "2006.11.25"]
[Round "4"]
[White "Kudrin,S"]
[Black "Shabalov,A"]
[Result "1/2-1/2"]
[WhiteElo "2532"]
[BlackElo "2575"]

1.e4 c5 2.Nf3 Nc6 3.d4 cxd4 4.Nxd4 Nf6 5.Nc3 e5 6.Ndb5 d6 7.Bg5 a6 8.Na3 b5
9.Bxf6 gxf6 10.Nd5 f5 11.c3 Bg7 12.exf5 Bxf5 13.Nc2 Be6 14.a4 O-O 15.axb5 axb5
16.Rxa8 Qxa8 17.Nce3 Qb7 18.g4 Ne7 19.Bg2 Nxd5 20.Bxd5 Qd7 21.Qf3 Bh6 22.g5 Bg7
23.O-O Kh8 24.Ra1 f5 25.gxf6 Bxf6 26.Kh1 Bxd5 27.Qxd5 Bg5 28.Ra8 Kg7 29.Rxf8 Kxf8
30.Qf3+ Qf7 31.Kg2 Bf4 32.Nd5 Qg6+  1/2-1/2

[Event "37th National Chess Congress"]
[Site "Philadelphia USA"]
[Date "2006.11.26"]
[Round "5"]
[White "Shabalov,A"]
[Black "Izoria,Z"]
[Result "1/2-1/2"]
[WhiteElo "2575"]
[BlackElo "2657"]

1.e4 c5 2.Na3 g6 3.c3 Bg7 4.Nf3 Nf6 5.e5 Nd5 6.d4 cxd4 7.Qxd4 Nb6 8.Qh4 h6
9.Bf4 d5 10.exd6 g5 11.Qg3 O-O 12.Bd2 f5 13.Nd4 f4 14.Qf3 exd6 15.O-O-O d5
16.Bd3 Nc6 17.Nxc6 bxc6 18.Qh5 Nd7 19.Qg6 Ne5 20.Qh7+ Kf7 21.Bb1 Qf6 22.Rde1 Rh8
23.Qc2 Re8 24.h4 Ba6 25.hxg5 hxg5 26.Qa4 Nd3+ 27.Bxd3 Bxd3 28.Nc2 Rxe1+ 29.Rxe1 Bh7
30.Qb4 Kg8 31.Qb7 Rf8 32.Qxa7 Qg6 33.Na3 Re8 34.Rxe8+ Qxe8 35.b4 Bg6 36.Qa6 Kh7
37.f3 d4 38.cxd4 Bxd4 39.Qc4 Bg7 40.Nb1 Kh6 41.Nc3 Bf7 42.Qc5  1/2-1/2

[Event "16th North American Open"]
[Site "Las Vegas USA"]
[Date "2006.12.26"]
[Round "1"]
[White "Onyekwere,C"]
[Black "Shabalov,A"]
[Result "0-1"]
[WhiteElo "2149"]
[BlackElo "2575"]

1.e4 c5 2.Nf3 Nc6 3.d4 cxd4 4.Nxd4 Nf6 5.Nc3 e5 6.Ndb5 d6 7.Bg5 a6 8.Na3 b5
9.Bxf6 gxf6 10.Nd5 f5 11.Bd3 Be6 12.Qh5 Rg8 13.O-O f4 14.h3 Rg6 15.c3 Rc8
16.Be2 Rh6 17.Qf3 Qg5 18.Kh2 Ne7 19.Nxe7 Bxe7 20.Nc2 d5 21.Rfe1 f5 22.exf5 Qxf5
23.Bd3 Qg5 24.Nb4 e4 25.Bxe4 dxe4 26.Qxe4 Kf7 27.Rad1 Qf5 28.Qf3 Qg4 29.Qxg4 Bxg4
30.Rd4 Bf5 31.Kg1 Rc4 32.Nd5 Bd6 33.Rdd1 Re6 34.Rxe6 Kxe6 35.Nb4 Bxb4 36.cxb4 Rxb4
37.b3 a5 38.Kf1 a4 39.bxa4 Rxa4 40.Rd2 Bb1  0-1

[Event "OCF Winter NAO FIDE Op"]
[Site "Stillwater USA"]
[Date "2007.02.18"]
[Round "3"]
[White "Ortiz,Na"]
[Black "Shabalov,A"]
[Result "0-1"]
[WhiteElo "2291"]
[BlackElo "2602"]

1.e4 Nf6 2.e5 Nd5 3.d4 d6 4.Nf3 Bg4 5.Be2 e6 6.h3 Bh5 7.c4 Nb6 8.Nc3 Be7
9.O-O O-O 10.Be3 a5 11.a4 Bxf3 12.Bxf3 Nxc4 13.Bxb7 Ra7 14.exd6 cxd6 15.Be4 d5
16.Bb1 Nxe3 17.fxe3 f5 18.Nb5 Rb7 19.Bd3 Nc6 20.Rc1 Nb4 21.Rc3 Bg5 22.Qf3 Qf6
23.Bb1 Qh6 24.e4 Bd2 25.Rb3 dxe4 26.Bxe4 Rbb8 27.Bb1 Nd5 28.Rd3 Nb4 29.Rb3 f4
30.Rd1 Be3+ 31.Kh2 Rbd8 32.Rc3 Rd5 33.Be4 Rg5 34.Rf1 Rg3 35.Qe2 g5 36.Bf3 Nd5
37.Rc6 Nf6 38.Rxe6 Qh4 39.Rxe3 fxe3 40.Qc4+ Kh8 41.Be2 g4 42.Qe6 gxh3 43.gxh3 Qg5
44.Qe5 Rg2+ 45.Kh1 Qxe5 46.dxe5 Rxe2 47.exf6 Rf2 48.Re1 e2  0-1

[Event "Millennium Festival"]
[Site "Virginia Beach USA"]
[Date "2007.03.03"]
[Round "2"]
[White "Kaufman,La"]
[Black "Shabalov,A"]
[Result "1/2-1/2"]
[WhiteElo "2369"]
[BlackElo "2602"]

1.d4 d5 2.c4 c6 3.Nf3 Nf6 4.e3 e6 5.Bd3 Nbd7 6.Nbd2 c5 7.O-O Be7 8.cxd5 Nxd5
9.Ne4 cxd4 10.exd4 O-O 11.Qe2 b6 12.Neg5 N7f6 13.Ne5 Bb7 14.Re1 Bb4 15.Rd1 Ne7
16.a3 Bd6 17.Bf4 Bd5 18.Rac1 Nf5 19.Bc4 h6 20.Ngf3 Rc8 21.h3 Bxc4 22.Rxc4 Nd5
23.Bc1 Qe7 24.Re1 Rxc4 25.Qxc4 Nh4 26.Qd3 Nxf3+ 27.Qxf3 Bxe5 28.dxe5 Rc8
29.Qg3 Kf8 30.Qd3 Kg8 31.Bd2 a5 32.Re4 Qc7 33.Qg3 Ne7 34.Bc3 Rd8 35.Kh2 Qc6
36.Rg4 Nf5 37.Qf4 Qc5 38.h4 Rd1 39.Qf3 Rc1 40.Rf4 Qb5 41.g4 Nxh4 42.Qa8+ Kh7
43.Rxf7 Qe2 44.Rf8 Ng6 45.Qf3 Qxf3 46.Rxf3 Ne7 47.Rf7 Nd5 48.Rb7 Kg6 49.Bd4 Rc2
50.Kg3 Rd2 51.Bc3 Rc2 52.f3 a4  1/2-1/2

[Event "Millennium Festival"]
[Site "Virginia Beach USA"]
[Date "2007.03.03"]
[Round "3"]
[White "Shabalov,A"]
[Black "Rouleau,J"]
[Result "1-0"]
[WhiteElo "2602"]
[BlackElo "2268"]

1.e4 e5 2.Nf3 Nc6 3.Bb5 a6 4.Ba4 Nf6 5.O-O b5 6.Bb3 Bc5 7.c3 d6 8.a4 Rb8
9.d4 Bb6 10.axb5 axb5 11.Qd3 O-O 12.Bg5 Bg4 13.Nbd2 exd4 14.cxd4 h6 15.Bh4 g5
16.Bg3 Bh5 17.d5 Ne7 18.Nd4 Nd7 19.Ba2 Bg6 20.Nf5 Kh7 21.b4 Re8 22.Kh1 Nf6
23.Nd4 Qd7 24.Nf5 h5 25.f4 gxf4 26.Bxf4 Ng4 27.Nd4 f5 28.h3 Nf6 29.exf5 Nxf5
30.Nxf5 Bxf5 31.Qf3 Bd4 32.Rad1 Rb6 33.Bg5 Kg6 34.Bxf6 Bxf6 35.Bb1 Re5 36.Rde1 Bxb1
37.Nxb1 Qe7 38.Qg3+ Kh6 39.Nd2 Bg5 40.Nf3  1-0

[Event "9th Open"]
[Site "Foxwoods USA"]
[Date "2007.04.05"]
[Round "2"]
[White "Shabalov,A"]
[Black "Sorkin,I"]
[Result "1-0"]
[WhiteElo "2606"]
[BlackElo "2353"]

1.e4 c5 2.Nf3 d6 3.d4 cxd4 4.Nxd4 Nf6 5.Nc3 e6 6.Be3 a6 7.g4 h6 8.f3 b5 9.Qd2 Bb7
10.O-O-O Nbd7 11.h4 Nb6 12.Bd3 Nfd7 13.Qf2 Rc8 14.Nce2 Qc7 15.Kb1 Na4 16.Bc1 Ne5
17.Ng3 g6 18.g5 Nxd3 19.cxd3 hxg5 20.h5 Bg7 21.Be3 Qe7 22.hxg6 fxg6 23.Rhg1 Be5
24.Rd2 Kd7 25.Nb3 Rhf8 26.Ne2 Qf6 27.Nbd4 Rh8 28.Bxg5 Qf7 29.f4 Bg7 30.f5 exf5
31.exf5 gxf5 32.Nf4 Be5 33.Nde6 Nc5 34.Nxc5+ dxc5 35.d4 Be4+ 36.Ka1 Bc7 37.dxc5+ Kc6
38.Nd3 Rh2 39.Qe1 Rxd2 40.Qxd2 a5 41.Bf4 Rg8 42.Rc1 Rg2 43.Qc3 b4 44.Qd4 Qg7
45.Be5 Qd7 46.Bd6 Bxd3 47.Qxd3 Kb7 48.c6+ Qxc6 49.Qd1 Qxd6 50.Qf3+ Kb8 51.Qxg2 Qe5
52.Qc6 f4 53.Kb1 Qf5+ 54.Rc2 Qe5 55.Rc5 Qe1+ 56.Kc2 Qe2+ 57.Kb3 Qd1+ 58.Rc2 Bd8
59.Ka4 f3 60.b3 Ka7 61.Rf2  1-0

[Event "ch-USA"]
[Site "Stillwater USA"]
[Date "2007.05.17"]
[Round "3"]
[White "Shabalov,A"]
[Black "Ibragimov,I"]
[Result "1-0"]
[WhiteElo "2606"]
[BlackElo "2602"]

1.e4 e6 2.d4 d5 3.Nc3 Bb4 4.e5 c5 5.a3 Bxc3+ 6.bxc3 Qa5 7.Bd2 Qa4 8.Qb1 c4
9.h4 Nc6 10.h5 h6 11.g3 Nge7 12.Bh3 Bd7 13.Ne2 O-O-O 14.Nf4 Kb8 15.O-O Nc8
16.Kh2 Nb6 17.Ng2 Qa5 18.Qd1 Na4 19.f4 Ne7 20.Ne3 g6 21.Qf3 Rdf8 22.g4 Qd8
23.Be1 Rhg8 24.Rb1 b5 25.f5 g5 26.Bg2 Kc8 27.Rb4 Nb6 28.a4 a5 29.Rb1 Kc7
30.Bd2 Qa8 31.Bc1 Nxa4 32.Ba3 Re8 33.fxe6 fxe6 34.Bd6+ Kb6 35.Bxe7 Rxe7 36.Qf6 Rh7
37.Nxd5+ Ka7 38.Ne7 Qb8 39.Nxg8 Qxg8 40.Be4 Nxc3 41.Bxh7 Qxh7 42.Qg6 Qh8
43.Rf7  1-0

[Event "ch-USA"]
[Site "Stillwater USA"]
[Date "2007.05.23"]
[Round "9"]
[White "Shabalov,A"]
[Black "Kudrin,S"]
[Result "1-0"]
[WhiteElo "2606"]
[BlackElo "2556"]

1.e4 c5 2.Nf3 Nc6 3.Bb5 d6 4.O-O Bd7 5.Re1 a6 6.Bf1 Bg4 7.h3 Bxf3 8.Qxf3 g6
9.c3 Bg7 10.Na3 Nf6 11.Nc2 Nd7 12.Rb1 Qb6 13.b3 O-O 14.Bb2 Rac8 15.Qd1 Rfe8
16.d4 cxd4 17.cxd4 Nf8 18.Qd2 Na7 19.Ne3 Nb5 20.Rbd1 Ne6 21.Nc4 Qa7 22.d5 Nf8
23.Bxg7 Kxg7 24.a4 Nc7 25.a5 f6 26.Kh1 Na8 27.f4 Qb8 28.e5 Nd7 29.exd6 exd6
30.Re6 Nc5 31.Nxd6 Nxe6 32.Nxe8+ Rxe8 33.dxe6 Re7 34.Qb4 Qe8 35.Bc4 Nc7 36.Re1 Nb5
37.Qc5 h5 38.f5 gxf5 39.Bxb5 axb5 40.Qxf5 Qg6 41.Qxb5 Qg3 42.Qe2 Qxb3 43.Qxh5 Qg3
44.Re4  1-0

[Event "35th World Open"]
[Site "King of Prussia USA"]
[Date "2007.06.01"]
[Round "3"]
[White "Bartell,T"]
[Black "Shabalov,A"]
[Result "0-1"]
[WhiteElo "2389"]
[BlackElo "2606"]

1.Nf3 d5 2.d4 c6 3.c4 e6 4.Qc2 f5 5.g3 Nf6 6.Bg2 Bd6 7.O-O O-O 8.b3 Qe7 9.Bb2 b6
10.Nbd2 Bb7 11.Rac1 a5 12.Ne1 Na6 13.Nd3 Nb4 14.Qb1 Ne4 15.Nf3 c5 16.Rfd1 f4
17.g4 Rad8 18.cxd5 exd5 19.Nde5 a4 20.dxc5 bxc5 21.a3 Na6 22.b4 cxb4 23.axb4 Nxb4
24.Nd2 Rb8 25.Nxe4 dxe4 26.Nc4 Bc7 27.Ba3 f3 28.exf3 exf3 29.Nd6 Bxd6 30.Rxd6 Qxd6
31.Bxb4 Qe6  0-1

[Event "35th World Open"]
[Site "King of Prussia USA"]
[Date "2007.06.01"]
[Round "4"]
[White "Shabalov,A"]
[Black "Bartholomew,J"]
[Result "1/2-1/2"]
[WhiteElo "2606"]
[BlackElo "2419"]

1.d4 Nf6 2.c4 c5 3.d5 b5 4.cxb5 a6 5.b6 e6 6.Nc3 Nxd5 7.Nxd5 exd5 8.Qxd5 Nc6
9.e4 Be7 10.Bc4 O-O 11.Nf3 Rb8 12.O-O Rxb6 13.Qh5 d6 14.b3 Be6 15.Bxe6 fxe6
16.Qg4 Qc8 17.Bb2 e5 18.Qxc8 Rxc8 19.Nd2 Nd4 20.Nc4 Rb5 21.Rae1 a5 22.Bc3 Ra8
23.Nb2 Bg5 24.Kh1 Rb7 25.Rd1 Nb5 26.Be1 Kf7 27.f4 exf4 28.Rd5 Bf6 29.Nc4 a4
30.b4 Rc8 31.bxc5 dxc5 32.Bd2 Ke6 33.Bxf4 Rd8 34.Rxc5 Rd4 35.Na5 Rb6 36.e5 Be7
37.Rcc1 Rxf4 38.Rxf4 Bg5 39.g3 Bxf4 40.gxf4 Nd4 41.Rc4 Kd5 42.Rxa4 Ra6 43.Nc4  1/2-1/2

[Event "35th World Open"]
[Site "King of Prussia USA"]
[Date "2007.06.03"]
[Round "7"]
[White "Abramovic,B"]
[Black "Shabalov,A"]
[Result "0-1"]
[WhiteElo "2509"]
[BlackElo "2606"]

1.d4 d5 2.c4 c6 3.Nf3 Nf6 4.cxd5 cxd5 5.Nc3 Nc6 6.Bf4 a6 7.h3 Ne4 8.e3 Nxc3
9.bxc3 g6 10.Bd3 Bg7 11.O-O O-O 12.c4 dxc4 13.Bxc4 b5 14.Be2 Bb7 15.Qb1 Qd7
16.Rc1 Rac8 17.a4 b4 18.a5 Rfd8 19.Ra2 e6 20.Bc4 Ne7 21.Ra1 Nd5 22.Ne5 Bxe5
23.Bxe5 Nc3 24.Qxb4 Qc6 25.d5 Rxd5 26.Bxd5 Qxd5 27.Qxb7 Qxb7 28.Rxc3 Rxc3
29.Bxc3 Qb3 30.Bf6 Qc2 31.f4 Kf8 32.Kh2 Ke8 33.Bd4 h6 34.Ra3 Qf5 35.Bb6 g5
36.Ra4 e5 37.fxe5 Qxe5+ 38.Kg1 f5 39.Rc4 Kf7 40.Rc7+ Kg6 41.Rc6+ Kh5 42.Bd4 Qb5
43.Re6 Qc4 44.Rd6 Qc1+ 45.Kf2 Qd2+ 46.Kf1 f4 47.Rb6 fxe3 48.g4+ Kh4 49.Rxh6+ Kg3
50.Be5+ Kf3 51.Rf6+ Ke4 52.Bg3 e2+ 53.Kg1 Qd4+  0-1

[Event "35th World Open"]
[Site "King of Prussia USA"]
[Date "2007.06.04"]
[Round "8"]
[White "Shabalov,A"]
[Black "Predojevic,B"]
[Result "1/2-1/2"]
[WhiteElo "2606"]
[BlackElo "2609"]

1.e4 e6 2.d4 d5 3.Nc3 Nf6 4.e5 Nfd7 5.f4 c5 6.Nf3 Nc6 7.Be3 Be7 8.Qd2 O-O
9.Be2 a6 10.O-O b5 11.Nd1 b4 12.Nf2 a5 13.dxc5 Bxc5 14.Bb5 Qb6 15.Bxc5 Nxc5
16.Bxc6 Qxc6 17.Nd4 Qb6 18.Qe3 Bd7 19.g4 Rae8 20.Rad1 f6 21.exf6 gxf6 22.Rfe1 e5
23.fxe5 Rxe5 24.Qf4 Rfe8 25.Rf1 Ne4 26.h3 Ng5 27.Kg2 Bb5 28.Nxb5 Qxb5 29.h4 Ne4
30.Nd3 R5e7 31.Rde1 Qc6 32.Re2 Rg7 33.Kh2 Kh8 34.Nf2 Rge7 35.Rfe1 Re6 36.Kg2  1/2-1/2

[Event "35th World Open"]
[Site "King of Prussia USA"]
[Date "2007.06.04"]
[Round "9"]
[White "Perelshteyn,E"]
[Black "Shabalov,A"]
[Result "0-1"]
[WhiteElo "2531"]
[BlackElo "2606"]

1.d4 c5 2.d5 f5 3.Nc3 Nf6 4.g3 g6 5.Bg2 Bg7 6.Nh3 O-O 7.O-O d6 8.Nf4 Na6
9.Rb1 Nc7 10.h4 b5 11.a3 b4 12.axb4 cxb4 13.Na4 Ne4 14.c4 bxc3 15.Nxc3 Nxc3
16.bxc3 a5 17.Be3 Qe8 18.Bd4 Bh6 19.c4 Ra6 20.Rb8 Qf7 21.Qa1 Bg7 22.e3 h6
23.Rc1 g5 24.Bxg7 Qxg7 25.Qxg7+ Kxg7 26.hxg5 hxg5 27.Nh3 g4 28.Nf4 Ra7 29.Ra1 Bd7
30.Rb6 Rc8 31.Bf1 a4 32.Bd3 Kf6 33.Ne2 Na6 34.Nd4 Nc5 35.Bc2 Raa8 36.Kf1 Rcb8
37.Rbb1 Bc8 38.Bd1 Ba6 39.Be2 Rh8 40.Kg2 Rh6 41.Rh1 Rxh1 42.Kxh1 Rb8 43.Kg1 Rb4
44.Bf1 Rb2 45.Be2 Bc8 46.Kf1 Bd7 47.Ke1 Ne4 48.Kf1 Kf7 49.Ke1 Ke8 50.Bd1 Rb4
51.Be2 Kd8 52.Bd3 Kc7 53.Nc2 Rb3 54.Bxe4 fxe4 55.Kd2 Rd3+ 56.Ke2 Rc3 57.Na3 Kb6
58.Kd2 Rd3+ 59.Kc2 Kc5 60.Ra2 Kb4 61.Nb1 Kxc4 62.Ra1 Kb4 63.Nd2 Rc3+ 64.Kd1 a3
65.Rb1+ Ka5 66.Nxe4 Ba4+ 67.Kd2 Rc2+ 68.Kd3 Rb2 69.Ra1 Kb4 70.Nc3 Rb3 71.Rc1 a2  0-1

[Event "National Open"]
[Site "Las Vegas USA"]
[Date "2007.06.08"]
[Round "2"]
[White "Shabalov,A"]
[Black "Hecht,HJ"]
[Result "1-0"]
[WhiteElo "2606"]
[BlackElo "2393"]

1.e4 e5 2.Nf3 Nc6 3.Bb5 Nf6 4.Qe2 a6 5.Ba4 Bc5 6.c3 O-O 7.d3 Re8 8.Bg5 Bf8
9.Nbd2 d6 10.h3 b5 11.Bc2 Bb7 12.Nf1 Nb8 13.Ng3 Nbd7 14.O-O h6 15.Be3 d5
16.Rad1 c5 17.Nh2 Qc7 18.f3 c4 19.Ng4 Nxg4 20.fxg4 cxd3 21.Qxd3 Nc5 22.Bxc5 Bxc5+
23.Kh1 d4 24.cxd4 Bxd4 25.Bb3 Rf8 26.Nf5 Rad8 27.Qg3 Bxb2 28.g5 Kh7 29.gxh6 g6
30.Rxd8 Qxd8 31.Nh4 Bxe4 32.Bxf7 Qd3 33.Qxd3 Bxd3 34.Bxg6+ Bxg6 35.Rxf8 Bd3
36.Nf5 e4 37.Re8 Kg6 38.g4 Be2 39.Kh2  1-0

[Event "National Open"]
[Site "Las Vegas USA"]
[Date "2007.06.09"]
[Round "3"]
[White "Khachiyan,M"]
[Black "Shabalov,A"]
[Result "1-0"]
[WhiteElo "2475"]
[BlackElo "2606"]

1.e4 c5 2.Nf3 Nc6 3.d4 cxd4 4.Nxd4 Nf6 5.Nc3 e5 6.Ndb5 d6 7.Bg5 a6 8.Na3 b5
9.Bxf6 gxf6 10.Nd5 f5 11.c3 Bg7 12.g3 h5 13.Bg2 f4 14.Nc2 Kf8 15.Qe2 Qg5
16.Bf3 Rb8 17.h4 Qh6 18.O-O-O fxg3+ 19.Kb1 gxf2 20.Qxf2 a5 21.a3 Be6 22.Rhg1 Rb7
23.Rg5 Bxd5 24.exd5 Ne7 25.Bxh5 Qf6 26.Qg2 Bh6 27.Rf1 Bxg5 28.hxg5 Qxf1+
29.Qxf1 Rxh5 30.Qf6 Rd7 31.Ne3 Rh7 32.Ka2 Ke8 33.Qf1 Rb7 34.Nf5 Rd7 35.Ng3 b4
36.Ne4 Ng8 37.Qb5 Ke7 38.Nf6 Nxf6 39.gxf6+ Ke8 40.Qb8+ Rd8 41.Qc7 Rd7 42.Qc8+ Rd8
43.Qc6+ Rd7 44.cxb4 axb4 45.axb4 Rh4 46.b5 Ra4+ 47.Kb3 Ra5 48.b6  1-0

[Event "National Open"]
[Site "Las Vegas USA"]
[Date "2007.06.09"]
[Round "4"]
[White "Shabalov,A"]
[Black "Kretchetov,A"]
[Result "1-0"]
[WhiteElo "2606"]
[BlackElo "2299"]

1.e4 c6 2.d4 g6 3.f4 d5 4.e5 h5 5.c4 Nh6 6.Nc3 e6 7.Nf3 b6 8.Be3 Nf5 9.Bf2 Be7
10.Be2 dxc4 11.Bxc4 Ba6 12.b3 Bb7 13.O-O Na6 14.Qe2 Nc7 15.Rad1 Nd5 16.Nxd5 exd5
17.Bd3 Qd7 18.e6 Qxe6 19.Qc2 Kf8 20.Rde1 Qf6 21.Re5 Bd6 22.Rxf5 gxf5 23.Bh4 Qg7
24.Ne5 Bxe5 25.dxe5 Rh6 26.Bxf5 c5 27.Bg5 Rg6 28.h4 d4 29.Qe2 Rh6 30.Bd7 Re8
31.Bb5 Bc6 32.Bxh6 Qxh6 33.Bxc6 Qxc6 34.Qxh5 Qe4 35.Qh6+ Kg8 36.h5 Qh7 37.Qc6 Re6
38.Qa8+ Kg7 39.Rf3 Qxh5 40.f5 Rxe5 41.f6+ Kh7 42.Rh3 Qxh3 43.gxh3 d3  1-0

[Event "35th World Open"]
[Site "King of Prussia USA"]
[Date "2007.06.30"]
[Round "1"]
[White "Ludwig,D"]
[Black "Shabalov,A"]
[Result "1/2-1/2"]
[WhiteElo "2373"]
[BlackElo "2606"]

1.e4 c5 2.Nf3 Nc6 3.d4 cxd4 4.Nxd4 Nf6 5.Nc3 e5 6.Ndb5 d6 7.Bg5 a6 8.Na3 b5
9.Nd5 Be7 10.Bxf6 Bxf6 11.c3 O-O 12.Nc2 Bg5 13.a4 bxa4 14.Rxa4 a5 15.Bc4 Bd7
16.h4 Bh6 17.Nce3 Kh8 18.Ng4 Ne7 19.Ra3 Rc8 20.Ba2 Bxg4 21.Qxg4 f5 22.exf5 Nxf5
23.Bb1 Rc5 24.Be4 Ne7 25.Nxe7 Qxe7 26.g3 d5 27.Bg2 d4 28.O-O d3 29.b4 Rcc8
30.Rxa5 Rxc3 31.Qe4 d2 32.Rxe5 Qf7 33.Re7 Qh5 34.Rd7 Rc1 35.Bf3 Qb5 36.Qd3 Qxd3
37.Rxd3 g6 38.Bd1 Re8 39.f4 Rxd1 40.Rxd1 Re1+ 41.Kf2 Rxd1 42.Ke2 Rb1 43.Rxd2 Rxb4
44.Rd5 Rb3 45.Kf2 Bf8 46.h5 Kg7 47.hxg6 hxg6 48.Kg2 Kf6 49.Kh3 Rc3 50.Kg4 Bc5
51.Rd2 Re3 52.Rb2 Bd4 53.Ra2 Bc3 54.Ra6+ Re6 55.Ra3 Be1 56.Rb3 Bf2 57.Kf3 Be1
58.Kg4 Rc6 59.Re3 Rc1 60.Re2 Rd1 61.Re3 Bf2 62.Rf3 Bc5 63.Rc3 Rd5 64.Rc4 Bd6
65.Rc3 Ra5 66.Rc6 Ke6 67.Rb6 Ra3 68.Rc6 Rd3 69.Ra6 Kf7 70.Ra7+ Be7 71.Rb7 Re3
72.Rc7 Kf6 73.Rc6+ Re6 74.Rc3 Bb4 75.Rb3 Re4 76.Rf3 Rc4 77.Rb3 Bc5 78.Rd3 Bd4
79.Rd2 Be3 80.Rd3 Bf2 81.Rd6+ Kg7 82.Rd2 Be1 83.Rd1 Re4 84.Rd3 Kh6 85.Kf3 Rc4
86.g4 Kg7 87.Rd7+ Kf8 88.Rd6 Kf7 89.Rd7+ Kf8 90.Rd6 Kf7  1/2-1/2

[Event "US Open"]
[Site "Cherry Hill USA"]
[Date "2007.07.31"]
[Round "3"]
[White "Rogers,N"]
[Black "Shabalov,A"]
[Result "1-0"]
[WhiteElo "2238"]
[BlackElo "2637"]

1.e4 Nf6 2.Nc3 d5 3.exd5 Nxd5 4.Bc4 Nb6 5.Bb3 Nc6 6.Nf3 g6 7.Ng5 e6 8.d3 Bg7
9.h4 h6 10.Nf3 e5 11.Be3 Bg4 12.Qd2 Qd7 13.Nh2 Bf5 14.Ne4 O-O-O 15.Nc5 Qe7
16.g4 Bd7 17.O-O-O f5 18.Nxd7 Rxd7 19.h5 Nd5 20.Bxd5 Rxd5 21.f3 e4 22.Kb1 exd3
23.c4 Re5 24.Rhe1 Re8 25.Nf1 f4 26.Bf2 Re2 27.Qxd3 Rxb2+ 28.Kc1 Nb4 29.Qa3 Nxa2+  1-0

[Event "US Open"]
[Site "Cherry Hill USA"]
[Date "2007.08.02"]
[Round "6"]
[White "Shabalov,A"]
[Black "Friedman,J"]
[Result "1-0"]
[WhiteElo "2637"]
[BlackElo "2201"]

1.e4 e6 2.d4 d5 3.Nc3 Bb4 4.e5 c5 5.a3 Bxc3+ 6.bxc3 Qc7 7.Qg4 f5 8.Qh5+ Qf7
9.Qh3 Qc7 10.Qh5+ Qf7 11.Qd1 Qc7 12.a4 Nc6 13.Nf3 Nh6 14.Be2 cxd4 15.cxd4 O-O
16.Bxh6 gxh6 17.O-O Kh8 18.Qd2 Qg7 19.Ra3 Nd8 20.Ne1 Qg5 21.Qb4 Re8 22.Rg3 Qe7
23.Qd2 Qf8 24.Nd3 Nf7 25.Nf4 Ng5 26.f3 Qe7 27.Nh5 Rg8 28.Nf6 Rg6 29.h4 Nf7
30.Rxg6 hxg6 31.g4 Bd7 32.Bd3 Bxa4 33.Qg2 Qb4 34.Qf2 Bb5 35.c3 Qa5 36.Bxb5 Qxb5
37.gxf5 exf5 38.Kh1 Kg7 39.Rg1 Qd3 40.Nh5+ Kh7 41.Rxg6 Rg8 42.Rxg8 Kxg8 43.e6 Ng5
44.hxg5 hxg5 45.Nf6+ Kf8 46.Nxd5 Qc4 47.e7+ Ke8 48.Ne3 Qe6 49.Qe2 Qxe7 50.Qb5+ Kd8
51.Nxf5 Qe1+ 52.Kg2 Qd2+ 53.Kh3 Qxc3 54.Qd5+  1-0

[Event "US Open"]
[Site "Cherry Hill USA"]
[Date "2007.08.04"]
[Round "8"]
[White "Shabalov,A"]
[Black "Simutowe,A"]
[Result "1-0"]
[WhiteElo "2637"]
[BlackElo "2421"]

1.e4 c6 2.d4 d5 3.e5 Bf5 4.Nd2 e6 5.Nb3 Nd7 6.Nf3 a5 7.a4 Bb4+ 8.c3 Be7 9.Be2 Qb6
10.O-O h5 11.c4 dxc4 12.Nbd2 Bd3 13.Bxd3 cxd3 14.Nc4 Qa6 15.b3 Nb6 16.Qxd3 Nh6
17.Bg5 Nf5 18.Bxe7 Kxe7 19.Rac1 Kf8 20.Qe4 Nd5 21.Ng5 Rd8 22.Qf3 Rd7 23.Rfd1 Kg8
24.Ne3 Nde7 25.Nxf5 Nxf5 26.d5 Nh4 27.Qh3 Qe2 28.Qxh4 exd5 29.Re1 Qg4 30.Qxg4 hxg4  1-0

[Event "New England Masters"]
[Site "Peabody USA"]
[Date "2007.08.14"]
[Round "2"]
[White "Hess,Ro"]
[Black "Shabalov,A"]
[Result "0-1"]
[WhiteElo "2439"]
[BlackElo "2637"]

1.e4 c5 2.Nf3 Nc6 3.Bb5 e6 4.O-O Nge7 5.c3 a6 6.Ba4 b5 7.Bc2 Bb7 8.Qe2 d5
9.e5 d4 10.Be4 Nd5 11.d3 dxc3 12.bxc3 Be7 13.Rd1 Qd7 14.c4 Rd8 15.Qb2 f5
16.Bxd5 exd5 17.cxb5 axb5 18.Qxb5 O-O 19.Nc3 Ba8 20.Bf4 Qe6 21.Rab1 h6 22.Na4 g5
23.Be3 d4 24.Bd2 g4 25.Ne1 Qxe5 26.Nb6 Bd6 27.g3 f4 28.Nxa8 fxg3 29.fxg3 Qe2
30.Ng2 Ne5 31.Bxh6 Rf2 32.Qb7 Nf3+ 33.Kh1 Qe5 34.Qb3+ Kh8 35.Rb2 Rxb2 36.Qxb2 Qh5
37.Ne1 Qxh6 38.Nb6 Bxg3 39.Nxf3 gxf3 40.Qd2 Qh3  0-1

[Event "New England Masters"]
[Site "Peabody USA"]
[Date "2007.08.15"]
[Round "5"]
[White "Shabalov,A"]
[Black "Friedel,J"]
[Result "1-0"]
[WhiteElo "2637"]
[BlackElo "2472"]

1.e4 e5 2.Nf3 Nc6 3.Bb5 a6 4.Ba4 Nf6 5.O-O Be7 6.Bxc6 dxc6 7.Qe1 Nd7 8.b3 O-O
9.Bb2 Bd6 10.d3 Re8 11.Nbd2 Nf8 12.Nc4 Ng6 13.a4 Qf6 14.d4 exd4 15.Nxd4 Qf4
16.Nxd6 cxd6 17.f3 Qg5 18.Qg3 Qxg3 19.hxg3 f6 20.Rad1 d5 21.exd5 cxd5 22.Rf2 Bd7
23.Rfd2 Rac8 24.Ba3 Kf7 25.g4 Ne5 26.Kf2 h6 27.Kg3 g5 28.Nf5 Bxf5 29.gxf5 h5
30.Bb2 Rc6 31.Rh1 h4+ 32.Kh3 Rg8 33.Re1 g4+ 34.fxg4 Nxg4 35.Rxd5 Nf2+ 36.Kh2 Ng4+
37.Kh1 Ne5 38.Re2 Rg5 39.Bxe5 Rxf5 40.Rd7+ Ke6 41.Rxb7 Rxe5 42.Rf2 Re3 43.Kh2 Rec3
44.a5 h3 45.g4 Rxc2 46.Rxc2 Rxc2+ 47.Kxh3 Ke5 48.Rb6 Rb2 49.b4 Rb1 50.Kg3 Rb3+
51.Kf2 Kf4 52.Ke2 Kxg4 53.Kd2 f5 54.Kc2 Re3 55.Rg6+ Kf3 56.Rxa6 f4 57.b5 Re5
58.Rb6 Ke2 59.Kc3 f3 60.Kc4 Rf5 61.Rh6 f2 62.Rh2 Ke3 63.Rxf2 Rxf2 64.b6 Ke4
65.b7 Rf1 66.a6 Rc1+ 67.Kb3  1-0

[Event "New England Masters"]
[Site "Peabody USA"]
[Date "2007.08.16"]
[Round "7"]
[White "Shabalov,A"]
[Black "Critelli,J"]
[Result "1-0"]
[WhiteElo "2637"]
[BlackElo "2262"]

1.e4 c5 2.Nf3 d6 3.d4 cxd4 4.Nxd4 Nf6 5.Nc3 a6 6.Bc4 e6 7.Bb3 Nbd7 8.Bg5 Qa5
9.Qd2 Be7 10.O-O Nc5 11.f4 h6 12.Bxf6 Bxf6 13.Kh1 O-O 14.Rad1 Qc7 15.f5 Bd7
16.Nde2 Be5 17.f6 Bxf6 18.Rxf6 gxf6 19.Qxh6 Qa5 20.Nf4  1-0